Modelos para la construccin̤ polt̕ica de Europa el proyecto de William Penn /

Bibliographic Details
Main Author: Cobo del Rosal Přez, Gabriela C.
Format: eBook
Language:Spanish
Published: Madrid: Dykinson, 2021
Subjects:
Online Access:Acceso restringido

MARC

LEADER 00000nam a22000007a 4500
005 20220706211836.0
007 cr|||| ||||
008 220706s2021 ea |||||s|||| 00||0 spa d
020 |a 978-84-1122-029-3 
035 |a 36087 
040 |a vLex 
090 |c 13521  |d 13521 
100 1 |a Cobo del Rosal Přez, Gabriela C. 
245 1 0 |a Modelos para la construccin̤ polt̕ica de Europa  |h [Recurso electrn̤ico] :  |b el proyecto de William Penn /  |c Gabriela C. Cobo del Rosal Přez 
256 |a Servicio en ln̕ea 
260 |a Madrid:  |b Dykinson,  |c 2021 
300 |a 1 recurso electrn̤ico 
500 |a En el presente estudio a lo largo de tres capt̕ulos proponemos ofrecer un estudio en torno a la idea de Europa en el pensamiento europeo a lo largo de la Historia, as ̕como una reflexin̤ en torno a los distintos modelos polt̕icos a lo largo de la Historia comn︢ de Europa cuya respuesta jurd̕icopb︢lica resulta g̀ilmente observable desde una visin̤ conjunta por la gran similitud de sus modelos, especialmente hasta la Edad Contemporǹea. En el tercer capt̕ulo, finalmente, presentamos en su contexto histr̤ico polt̕ico la propuesta del cuq̀uero William Penn para la unidad de Europa, la cual se integra en la ln̕ea de proyectos insertos en la corriente intelectual del momento que postulaba una Europa unida especialmente enfocada en preservar la paz. 
506 1 |a Disponible solo en los productos indicados  |d vLex Global  |d vLex Global (Academic Edition, excluding Law Schools)  |d vLex Global (U.S. Academic Edition, Law Schools)  |d vLex Global (U.S. Academic Edition, excluding Law Schools)  |d vLex Global (Academic Edition, Law Schools) 
650 0 4 |a Derecho Comunitario  |z Espaą 
650 0 4 |a Derecho Internacional  |z Espaą 
740 0 |a vLex Libros (Servicio en ln̕ea) 
856 4 0 |u https://app.vlex.com/#/sources/36087  |z Acceso restringido 
942 |c BOOK 
999 0 |a Community Law 
999 0 |a International Law